[Event "4NCL 3 South pool B"]
[Site "Maidenhead, ENG"]
[Date "2019.11.10"]
[Round "2.54"]
[White "Davies, Matthew"]
[Black "Coates, Kenneth G"]
[Result "0-1"]
[WhiteElo "1932"]
[BlackElo "2063"]
[PlyCount "140"]
[EventDate "2019.11.10"]
[WhiteTeam "West is Best 2"]
[BlackTeam "Crowthorne 1"]

1. d4 d5 2. c4 c6 3. Nf3 Nf6 4. Nc3 dxc4 5. a4 Bf5 6. e3 e6 7. Bxc4 Bb4 8. O-O
Nbd7 9. Qe2 Bg6 10. Rd1 O-O 11. Bd3 Bxd3 12. Rxd3 Qc7 13. e4 e5 14. dxe5 Nxe5
15. Nxe5 Qxe5 16. f3 Rad8 17. Be3 Qa5 18. Rad1 a6 19. Bd4 Bc5 20. Bxc5 Qxc5+
21. Qf2 Qxf2+ 22. Kxf2 Rxd3 23. Rxd3 Re8 24. a5 Kf8 25. Ke3 Ke7 26. Na4 Nd7 27.
Rb3 Rb8 28. Kd4 Kd6 29. f4 Kc7 30. Nc5 Nxc5 31. Kxc5 Rd8 32. Rg3 g6 33. Rh3 h5
34. b4 Rd2 35. Rg3 Rc2+ 36. Kd4 b5 37. axb6+ Kxb6 38. f5 gxf5 39. exf5 c5+ 40.
bxc5+ Rxc5 41. Rg5 h4 42. g3 hxg3 43. hxg3 a5 44. g4 a4 45. Rg8 Ra5 46. Rb8+
Kc6 47. Rb1 f6 48. Ra1 a3 49. Ra2 Kd6 50. Ke4 Ra4+ 51. Kf3 Kd5 52. Kg3 Kc4 53.
g5 fxg5 54. f6 Kb3 55. Rf2 a2 56. f7 a1=Q 57. f8=Q Qe5+ 58. Kg2 Rg4+ 59. Kf1
Qa1+ 60. Ke2 Re4+ 61. Kf3 Rf4+ 62. Qxf4 gxf4 63. Kxf4 Kc4 64. Re2 Qf6+ 65. Ke3
Qd4+ 66. Kf3 Kd3 67. Rf2 Qe5 68. Kg2 Qg5+ 69. Kf1 Qh4 70. Kg1 Ke3 0-1

[Event "4NCL 3 South pool B"]
[Site "Maidenhead, ENG"]
[Date "2019.11.10"]
[Round "2.55"]
[White "Purdon, Colin"]
[Black "Jukes, Sam"]
[Result "0-1"]
[WhiteElo "1993"]
[BlackElo "1897"]
[PlyCount "82"]
[EventDate "2019.11.10"]
[WhiteTeam "Crowthorne 1"]
[BlackTeam "West is Best 2"]

1. d4 Nf6 2. c4 e6 3. Nc3 d5 4. Bg5 Be7 5. e3 h6 6. Bh4 O-O 7. Nf3 Nbd7 8. c5
c6 9. Bd3 b6 10. b4 a5 11. a3 Ba6 12. Bxa6 Rxa6 13. Qd3 b5 14. O-O Qa8 15. Qb1
Rb8 16. Ne5 Rb7 17. f4 Nxe5 18. fxe5 Ng4 19. Bxe7 Rxe7 20. Rf3 axb4 21. Qxb4 h5
22. h3 Nh6 23. e4 Rea7 24. exd5 exd5 25. Re1 Rxa3 26. e6 Ra1 27. exf7+ Nxf7 28.
Rfe3 Rxe1+ 29. Rxe1 h4 30. Qb2 Nh6 31. Qf2 Ra1 32. Nb1 Qd8 33. Qb2 Ra4 34. Qe2
Qf6 35. Qh5 Rxd4 36. Nc3 Rd2 37. Qe8+ Kh7 38. Qe3 Qd4 39. Qxd4 Rxd4 40. Re6 Rc4
41. Ne2 Re4 0-1

[Event "4NCL 3 South pool B"]
[Site "Maidenhead, ENG"]
[Date "2019.11.10"]
[Round "2.56"]
[White "Fowler, Hugo"]
[Black "Johnson, Derek R"]
[Result "0-1"]
[WhiteElo "1863"]
[BlackElo "1896"]
[PlyCount "76"]
[EventDate "2019.11.10"]
[WhiteTeam "West is Best 2"]
[BlackTeam "Crowthorne 1"]

1. e4 c5 2. c3 d5 3. exd5 Qxd5 4. d4 e6 5. Nf3 cxd4 6. Qxd4 Nf6 7. Bc4 Qh5 8.
Ne5 Nfd7 9. Nxd7 Bxd7 10. O-O Bc6 11. Bf4 Nd7 12. Re1 Qg6 13. Bg3 Bc5 14. Qd3
Qxd3 15. Bxd3 a5 16. Nd2 O-O 17. Ne4 Be7 18. Rad1 Nc5 19. Nxc5 Bxc5 20. Re2
Rfd8 21. Red2 Bb6 22. Bc4 Kf8 23. Rxd8+ Rxd8 24. Rxd8+ Bxd8 25. f3 Ke7 26. Kf2
Kd7 27. Ke3 Bc7 28. Bxc7 Kxc7 29. Bd3 h6 30. Be4 Bb5 31. Bd3 Bc6 32. Kd4 Kd6
33. Be4 e5+ 34. Ke3 Bd5 35. b4 axb4 36. cxb4 f5 37. Bxf5 Bxa2 38. Kd3 Bb1+ 0-1

[Event "4NCL 3 South pool B"]
[Site "Maidenhead, ENG"]
[Date "2019.11.10"]
[Round "2.61"]
[White "Hughes, Roy"]
[Black "Tanmay Chopra"]
[Result "0-1"]
[WhiteElo "2041"]
[BlackElo "2082"]
[PlyCount "94"]
[EventDate "2019.11.10"]
[WhiteTeam "Iceni 1"]
[BlackTeam "Cambridge University 2"]

1. d4 Nf6 2. Nf3 e6 3. Bf4 d5 4. e3 c5 5. c3 Nc6 6. Bd3 Bd6 7. Bg3 O-O 8. Nbd2
b6 9. Ne5 Bb7 10. f4 Ne7 11. Qe2 Ne4 12. Bf2 f6 13. Nef3 Qd7 14. O-O c4 15. Bc2
b5 16. Rfd1 Rfc8 17. Rac1 Qe8 18. Nf1 a5 19. N3d2 Kh8 20. Ng3 Nxd2 21. Qxd2 f5
22. Be1 Ba6 23. Qf2 b4 24. Ne2 b3 25. axb3 cxb3 26. Bd3 Bxd3 27. Rxd3 a4 28.
Rb1 Qb5 29. Rdd1 Qc4 30. Nc1 Ng8 31. Nd3 Nf6 32. Qf1 Ne4 33. Nf2 Nf6 34. Bd2
Ra5 35. Rdc1 Rb8 36. Rd1 Rab5 37. Qe1 Nd7 38. Nh3 Be7 39. g3 Nb6 40. Kf2 Qc6
41. Qe2 Nc4 42. Bc1 a3 43. bxa3 b2 44. Bd2 Nxa3 45. Qh5 Nxb1 46. Rxb1 Qc4 47.
Qf7 Bf6 0-1

[Event "4NCL 3 South pool B"]
[Site "Maidenhead, ENG"]
[Date "2019.11.10"]
[Round "2.62"]
[White "Manmay Chopra"]
[Black "Jermy, Jaden"]
[Result "1/2-1/2"]
[WhiteElo "1339"]
[BlackElo "2087"]
[PlyCount "56"]
[EventDate "2019.11.10"]
[WhiteTeam "Cambridge University 2"]
[BlackTeam "Iceni 1"]

1. e4 c5 2. Nf3 e6 3. c4 Nc6 4. Nc3 a6 5. a3 Qc7 6. d4 cxd4 7. Nxd4 Nf6 8. Be3
Be7 9. Rc1 O-O 10. Be2 Nxd4 11. Bxd4 d6 12. O-O Bd7 13. b4 Rfd8 14. f3 Be8 15.
Kh1 Qb8 16. Na4 Bxa4 17. Qxa4 d5 18. Bb6 Rc8 19. cxd5 Rxc1 20. Rxc1 Qf4 21. Qc2
exd5 22. Bc7 Qe3 23. Be5 Re8 24. Bxf6 Bxf6 25. Bd3 g6 26. Rd1 dxe4 27. Bxe4 Kg7
28. Qd3 Rd8 1/2-1/2

[Event "4NCL 3 South pool B"]
[Site "Maidenhead, ENG"]
[Date "2019.11.10"]
[Round "2.63"]
[White "Sagues, Vincent"]
[Black "Stanisz, Patryk"]
[Result "0-1"]
[WhiteElo "1964"]
[BlackElo "2139"]
[PlyCount "182"]
[EventDate "2019.11.10"]
[WhiteTeam "Iceni 1"]
[BlackTeam "Cambridge University 2"]

1. e4 c5 2. Nf3 Nc6 3. d4 cxd4 4. Nxd4 Nf6 5. Nc3 e5 6. Ndb5 d6 7. Bg5 a6 8.
Na3 b5 9. Nd5 Qa5+ 10. Bd2 Qd8 11. Bg5 Be7 12. Bxf6 Bxf6 13. c4 b4 14. Nc2 a5
15. g3 O-O 16. Bg2 Bg5 17. O-O g6 18. b3 Rb8 19. Nce3 Bh6 20. Qd3 f5 21. f4 Be6
22. Rad1 Kh8 23. Kh1 Qd7 24. Qe2 Nd4 25. Qb2 Bg7 26. Qd2 Qa7 27. exf5 gxf5 28.
Nc2 Nxc2 29. Qxc2 e4 30. Qf2 Qc5 31. Bh3 Rbd8 32. Qe2 Qa7 33. Ne3 Bd4 34. Nd5
Qg7 35. Qd2 Bc5 36. Qe2 Rde8 37. Rfe1 Bc8 38. Ne3 Qh6 39. Qf1 Be6 40. Nd5 Rf7
41. Ne3 Qh5 42. Bg2 Qg6 43. Qe2 Rg7 44. Qb2 Kg8 45. Nd5 Rf8 46. Ne3 Qh6 47. Nf1
a4 48. Qc2 axb3 49. axb3 Ra7 50. Ra1 Rxa1 51. Rxa1 Qf6 52. Rd1 Ra8 53. Qd2 Ra1
54. h3 Rxd1 55. Qxd1 Qc3 56. Qh5 Qf6 57. h4 $11 Bf7 58. Qd1 Qd4 59. Qxd4 Bxd4
60. Bh3 e3 61. Nxe3 Bxe3 62. Bxf5 h5 63. Be4 Kg7 64. Kg2 Kf6 65. Kf3 Bd2 66. g4
Be1 67. g5+ Kg7 68. f5 Bxh4 69. f6+ Kf8 70. g6 Be6 71. g7+ Kg8 72. Bg6 Bg4+ 73.
Ke4 Bxf6 74. Kd5 Be7 75. Kc6 h4 76. Be4 Kxg7 77. Kb5 Bd7+ 78. Ka5 Kf6 79. Bd5
Be6 80. Bf3 Bxc4 81. bxc4 b3 82. Ka4 b2 83. Be4 Ke5 84. Bg6 h3 85. Kb3 h2 86.
Kxb2 h1=Q 87. Bd3 Kd4 88. Bc2 Kxc4 89. Bb3+ Kb4 90. Bc2 Bf6+ 91. Ka2 Qa1# 0-1

[Event "4NCL 3 South pool B"]
[Site "Maidenhead, ENG"]
[Date "2019.11.10"]
[Round "2.64"]
[White "Rich, Mark C"]
[Black "Ortiz Sanchez, Luis"]
[Result "1-0"]
[WhiteElo "2060"]
[BlackElo "1942"]
[PlyCount "59"]
[EventDate "2019.11.10"]
[WhiteTeam "Cambridge University 2"]
[BlackTeam "Iceni 1"]

1. e4 d6 2. Nc3 Nf6 3. f4 e5 4. Nf3 Nc6 5. Bb5 exf4 6. d4 a6 7. Bxc6+ bxc6 8.
Bxf4 Be7 9. O-O O-O 10. h3 a5 11. Re1 Ba6 12. d5 Bb7 13. dxc6 Bxc6 14. Nd4 Bb7
15. Nf5 Re8 16. Qd4 Nh5 17. Bd2 Bg5 18. g4 Bxd2 19. Qxd2 g6 20. Nh6+ Kg7 21.
Rf1 Qh4 22. Rxf7+ Kh8 23. Qd4+ Re5 24. Rf3 Qe7 25. Nf7+ Kg7 26. gxh5 c5 27. h6+
Kg8 28. Qxd6 Rf8 29. Qxe5 Rxf7 30. Qxe7 1-0

[Event "4NCL 3 South pool B"]
[Site "Maidenhead, ENG"]
[Date "2019.11.10"]
[Round "2.65"]
[White "Calvert, D Ian"]
[Black "Starley, Robert"]
[Result "1/2-1/2"]
[WhiteElo "1950"]
[BlackElo "2086"]
[PlyCount "145"]
[EventDate "2019.11.10"]
[WhiteTeam "Iceni 1"]
[BlackTeam "Cambridge University 2"]

1. b3 d5 2. Bb2 Bg4 3. h3 Bh5 4. d4 Nf6 5. Nd2 e6 6. Ngf3 Bb4 7. c3 Bd6 8. e3
Nbd7 9. Be2 O-O 10. O-O c6 11. c4 a5 12. Ne5 Bxe2 13. Qxe2 Ne4 14. Nxd7 Qxd7
15. Nxe4 dxe4 16. f3 exf3 17. Qxf3 Rad8 18. e4 Bc7 19. Rad1 Qd6 20. e5 Qb4 21.
Kh1 a4 22. d5 cxd5 23. cxd5 axb3 24. axb3 exd5 25. Rxd5 Rxd5 26. Qxd5 Qb6 27.
Qf3 Qa6 28. Rd1 Qb5 29. Rd5 Qc6 30. Qd3 Qe6 31. Qb5 Qf5 32. Qxb7 Qb1+ 33. Kh2
Qxb2 34. Qxc7 Qxb3 35. Rd8 Qb4 36. Rxf8+ Qxf8 37. Kg3 $11 g6 38. Kf4 Qb4+ 39.
Kf3 Qh4 40. Qd6 Kg7 41. Qc7 Qh5+ 42. Kf2 Qf5+ 43. Kg1 Kh6 44. Qe7 Qe6 45. Qh4+
Kg7 46. Qd4 h5 47. Kh2 Kf8 48. Qd6+ Qe7 49. Qb8+ Kg7 50. g3 h4 51. gxh4 Qxh4
52. Kg2 Qf4 53. Qd6 Kh6 54. Qc5 Qf5 55. Kg3 Kh5 56. Qd4 Kh6 57. h4 Qf1 58. Qe3+
Kg7 59. Qg5 Qd3+ 60. Kg4 Kf8 61. Qf6 Qd4+ 62. Kg5 Qd2+ 63. Kg4 Qg2+ 64. Kf4 Ke8
65. Qh8+ Kd7 66. Qf6 Qd5 67. Kg5 Qe6 68. Kh6 Qd5 69. Kg7 Ke8 70. e6 Qxe6 71.
Qxe6+ fxe6 72. Kxg6 Kf8 73. Kf6 1/2-1/2

[Event "4NCL 3 South pool B"]
[Site "Maidenhead, ENG"]
[Date "2019.11.10"]
[Round "2.66"]
[White "Chan, Nevil"]
[Black "Gibbs, Dominic V"]
[Result "1/2-1/2"]
[WhiteElo "2027"]
[BlackElo "1930"]
[PlyCount "39"]
[EventDate "2019.11.10"]
[WhiteTeam "Cambridge University 2"]
[BlackTeam "Iceni 1"]

1. d4 g6 2. e4 Bg7 3. c3 d6 4. Nf3 Nd7 5. Bd3 e5 6. O-O Ne7 7. Be3 O-O 8. Nfd2
d5 9. dxe5 Nxe5 10. Be2 dxe4 11. Nxe4 Qxd1 12. Rxd1 f5 13. Ng5 h6 14. Nf3 Nxf3+
15. Bxf3 c6 16. Nd2 Be6 17. Nb3 Bd5 18. Bxd5+ Nxd5 19. Bd4 Bxd4 20. Nxd4
1/2-1/2

[Event "4NCL 3 South pool B"]
[Site "Maidenhead, ENG"]
[Date "2019.11.10"]
[Round "2.71"]
[White "Tippleston, Charles E"]
[Black "McKenna, Jason P"]
[Result "0-1"]
[WhiteElo "2091"]
[BlackElo "2090"]
[PlyCount "68"]
[EventDate "2019.11.10"]
[WhiteTeam "MK Phoenix 1"]
[BlackTeam "Oxford 2"]

1. e4 g6 2. d4 Bg7 3. Nc3 d6 4. Be3 Nf6 5. f3 c6 6. Qd2 b5 7. O-O-O Nbd7 8. Bh6
Bxh6 9. Qxh6 Qc7 10. Nh3 b4 11. Nb1 c5 12. Bc4 Nb6 13. Bb5+ Bd7 14. Bxd7+ Nbxd7
15. e5 dxe5 16. dxe5 Nxe5 17. Rhe1 Rd8 18. Rxd8+ Kxd8 19. Nd2 Kc8 20. Qf4 Nfd7
21. Nc4 f6 22. Nxe5 Nxe5 23. Qe4 Rd8 24. Nf4 Qc6 25. Ne6 Qxe4 26. Rxe4 Rd5 27.
Rh4 h5 28. f4 Ng4 29. b3 Ne3 30. Rh3 Rd1+ 31. Kb2 Re1 32. c3 Re2+ 33. Kb1 bxc3
34. Nxc5 Re1# 0-1

[Event "4NCL 3 South pool B"]
[Site "Maidenhead, ENG"]
[Date "2019.11.10"]
[Round "2.73"]
[White "Freeman, Richard C P"]
[Black "Cole, James"]
[Result "0-1"]
[WhiteElo "2025"]
[BlackElo "2042"]
[PlyCount "80"]
[EventDate "2019.11.10"]
[WhiteTeam "MK Phoenix 1"]
[BlackTeam "Oxford 2"]

1. d4 Nf6 2. Bg5 c5 3. Nc3 Qb6 4. Bxf6 gxf6 5. Nd5 Qd8 6. dxc5 e6 7. Nc3 Bxc5
8. Ne4 d5 9. Nxc5 Qa5+ 10. c3 Qxc5 11. Qd4 Qxd4 12. cxd4 Nc6 13. e3 e5 14. Bb5
Ke7 15. Nf3 Kd6 16. Kd2 Rg8 17. Rhg1 Be6 18. Rac1 Ne7 19. g3 a6 20. Ba4 b5 21.
Bc2 h6 22. Bb1 Nc6 23. dxe5+ fxe5 24. e4 d4 25. Ne1 Rac8 26. Nd3 Na5 27. Rxc8
Rxc8 28. f4 Nc4+ 29. Ke2 Bg4+ 30. Kf2 f6 31. h3 Be6 32. f5 Bf7 33. Ke2 a5 34.
Rc1 Rc7 35. Nf2 Nxb2 36. Rxc7 Kxc7 37. Ng4 Bh5 38. Kd2 Bxg4 39. hxg4 Nc4+ 40.
Ke2 Ne3 0-1

[Event "4NCL 3 South pool B"]
[Site "Maidenhead, ENG"]
[Date "2019.11.10"]
[Round "2.74"]
[White "Alizada, Eldar"]
[Black "Estevez Fernandez, Josue"]
[Result "1/2-1/2"]
[WhiteElo "2087"]
[BlackElo "1939"]
[PlyCount "92"]
[EventDate "2019.11.10"]
[WhiteTeam "Oxford 2"]
[BlackTeam "MK Phoenix 1"]

1. d4 Nf6 2. c4 e6 3. Nf3 Bb4+ 4. Bd2 Qe7 5. e3 O-O 6. Bd3 Bxd2+ 7. Qxd2 d6 8.
Nc3 e5 9. e4 Bg4 10. d5 Bxf3 11. gxf3 Nh5 12. O-O-O Qf6 13. Rhg1 Nf4 14. Rg4
Nd7 15. Ne2 Nxe2+ 16. Bxe2 a5 17. Rdg1 g6 18. f4 exf4 19. Rxf4 Qg7 20. Rf3 Nc5
21. Re3 Rfe8 22. Bd3 a4 23. Bb1 Qf6 24. Rgg3 Re5 25. Re2 Rae8 26. Qc3 Qf4+ 27.
Qe3 Qxe3+ 28. Rgxe3 Rh5 29. f4 Rh4 30. Rf3 f5 31. e5 dxe5 32. fxe5 Rxc4+ 33.
Rc3 b5 34. Rxc4 bxc4 35. Kd2 Nd7 36. e6 Nb6 37. Bc2 Kf8 38. Re5 Ke7 39. Kc3 Kd6
40. Kd4 Re7 41. Bd1 c5+ 42. dxc6 Rxe6 43. Rxe6+ Kxe6 44. Kc5 Nc8 45. Bxa4 g5
46. c7 f4 1/2-1/2

[Event "4NCL 3 South pool B"]
[Site "Maidenhead, ENG"]
[Date "2019.11.10"]
[Round "2.75"]
[White "Brown, Alan M"]
[Black "Cont, Arya"]
[Result "1/2-1/2"]
[WhiteElo "2008"]
[BlackElo "2032"]
[PlyCount "136"]
[EventDate "2019.11.10"]
[WhiteTeam "MK Phoenix 1"]
[BlackTeam "Oxford 2"]

1. d4 d5 2. Nf3 e6 3. c4 c6 4. e3 Nd7 5. Bd3 Ngf6 6. O-O Bd6 7. cxd5 exd5 8. b3
Qe7 9. Bb2 O-O 10. Qc1 Re8 11. Ba3 Ne4 12. Bxd6 Nxd6 13. Nbd2 Nf6 14. Qc2 Nfe4
15. Bxe4 Nxe4 16. Nxe4 dxe4 17. Nd2 Bg4 18. Rac1 f5 19. Qc4+ Kh8 20. Qc5 Qg5
21. Qd6 Rad8 22. Qc7 Re6 23. Rc5 b6 24. Re5 Rxe5 25. Qxe5 h6 26. Nc4 Bf3 27.
Qg3 Be2 28. Rc1 Qxg3 29. hxg3 Bxc4 30. Rxc4 Rd6 31. Kf1 $11 Kg8 32. Ke2 Kf7 33.
Ra4 Rd7 34. Rc4 Rd6 35. Ra4 Rd7 36. Rc4 Rc7 37. Kd2 Ke6 38. Ke2 Kd6 39. Rc1 Rf7
40. Rc4 Kd5 41. Rc1 Rf6 42. Rc4 h5 43. Rc1 Rf7 44. Rh1 g6 45. Rc1 Rh7 46. Kd2
Rc7 47. Rc4 Rd7 48. Ke2 Rd8 49. Rc1 Rh8 50. Kd2 a5 51. Ke2 Rh7 52. Kd2 Ra7 53.
a3 Rh7 54. Ke2 Rd7 55. Ke1 Rb7 56. Kd2 Rb8 57. Kc3 Rb7 58. Kd2 Rd7 59. Ke2 Kd6
60. Rc4 Rh7 61. Rc1 Kd5 62. Kd2 Kd6 63. Ke2 Rh8 64. Kd2 Kd5 65. Ke2 a4 66. bxa4
Ra8 67. Rb1 Ra6 68. Kd2 Rxa4 1/2-1/2

[Event "4NCL 3 South pool B"]
[Site "Maidenhead, ENG"]
[Date "2019.11.10"]
[Round "2.76"]
[White "Nataraj, Nakul"]
[Black "Reed, Darren"]
[Result "1/2-1/2"]
[WhiteElo "2072"]
[BlackElo "1954"]
[PlyCount "63"]
[EventDate "2019.11.10"]
[WhiteTeam "Oxford 2"]
[BlackTeam "MK Phoenix 1"]

1. e4 d6 2. d4 Nf6 3. Nc3 g6 4. Bc4 c6 5. a4 Bg7 6. Nf3 d5 7. exd5 cxd5 8. Bb5+
Bd7 9. Bf4 a6 10. Bxd7+ Nbxd7 11. Qd2 O-O 12. O-O Rc8 13. a5 Ne4 14. Nxe4 dxe4
15. Ng5 e5 16. dxe5 Nxe5 17. Qb4 Rxc2 18. Qxb7 Nd3 19. Rad1 Qxa5 20. Qxe4 Nxf4
21. Qxf4 Rxb2 22. Rd7 Qe5 23. Qxe5 Bxe5 24. Nf3 Bg7 25. Ra7 Ra2 26. Rd1 a5 27.
g3 a4 28. Rd3 Bb2 29. Kg2 Bc1 30. Ne5 Re2 31. Nc4 Rc2 32. Rxa4 1/2-1/2

[Event "4NCL 3 South pool B"]
[Site "Maidenhead, ENG"]
[Date "2019.11.10"]
[Round "2.81"]
[White "Moloney, Nicholas R"]
[Black "Westrap, Christian F"]
[Result "1-0"]
[WhiteElo "2179"]
[BlackElo "2065"]
[PlyCount "63"]
[EventDate "2019.11.10"]
[WhiteTeam "Fermented Sharks"]
[BlackTeam "Wessex B"]

1. d4 d5 2. c4 c6 3. Nc3 dxc4 4. a4 Nf6 5. Nf3 Bf5 6. e3 e6 7. Bxc4 Bb4 8. O-O
O-O 9. Qb3 Qe7 10. Bd2 a5 11. Rfe1 Nbd7 12. e4 Bg4 13. e5 Nd5 14. Ne4 Bxf3 15.
Qxf3 Bxd2 16. Nxd2 f6 17. exf6 Rxf6 18. Qb3 N7b6 19. Bf1 Nb4 20. Ne4 Rh6 21. g3
N6d5 22. Re2 b6 23. Rae1 Re8 24. f4 Qd7 25. Qd1 Rg6 26. Bg2 h6 27. Kh1 Nc7 28.
Bf3 Nbd5 29. Bh5 Kh7 30. Qb1 Qe7 31. Nd2 Qf6 32. Nf3 1-0

[Event "4NCL 3 South pool B"]
[Site "Maidenhead, ENG"]
[Date "2019.11.10"]
[Round "2.82"]
[White "Anderson, Peter W"]
[Black "Okhai, Shabir"]
[Result "1-0"]
[WhiteElo "1983"]
[BlackElo "2159"]
[PlyCount "101"]
[EventDate "2019.11.10"]
[WhiteTeam "Wessex B"]
[BlackTeam "Fermented Sharks"]

1. d4 Nf6 2. c4 e6 3. Nc3 Bb4 4. f3 c5 5. d5 d6 6. e4 b5 7. Bg5 h6 8. Bh4 exd5
9. cxd5 a6 10. a4 g5 11. Bf2 Qa5 12. Nge2 O-O 13. axb5 Qxb5 14. Qd2 Qe8 15. h4
Nh7 16. hxg5 hxg5 17. Rxh7 Kxh7 18. Qxg5 f6 19. Qh4+ Kg8 20. Qg3+ Kf7 21. Qxd6
Qe5 22. Bg3 Qxd6 23. Bxd6 Rh8 24. f4 Nd7 25. e5 fxe5 26. fxe5 Nb6 27. O-O-O Nc4
28. e6+ Ke8 29. Ne4 Nxd6 30. Nxd6+ Ke7 31. Ne4 Bxe6 32. dxe6 Kxe6 33. N2g3 a5
34. Bc4+ Ke5 35. Rd5+ Kf4 36. Rf5+ Ke3 37. Rf3+ Kd4 38. Nd6 Rhf8 39. Ngf5+ Ke5
40. Nf7+ Kf6 41. N5d6+ Kg7 42. Ne4 Rfe8 43. Rg3+ Kf8 44. Nfd6 Reb8 45. Rg8+ Ke7
46. Rg7+ Kd8 47. Be6 Ra7 48. Rxa7 Rb7 49. Rxb7 Bd2+ 50. Kxd2 c4 51. Rd7# 1-0

[Event "4NCL 3 South pool B"]
[Site "Maidenhead, ENG"]
[Date "2019.11.10"]
[Round "2.83"]
[White "Agnew, Alan"]
[Black "Clark, Ian C"]
[Result "1-0"]
[WhiteElo "2052"]
[BlackElo "1962"]
[PlyCount "41"]
[EventDate "2019.11.10"]
[WhiteTeam "Fermented Sharks"]
[BlackTeam "Wessex B"]

1. d4 Nf6 2. c4 c5 3. d5 b5 4. cxb5 a6 5. f3 d6 6. e4 g6 7. Na3 Bg7 8. Ne2 O-O
9. Nc3 Nbd7 10. Be2 Nb6 11. O-O e6 12. dxe6 fxe6 13. Bg5 h6 14. Bh4 g5 15. Bf2
Ne8 16. Bxc5 Bxc3 17. bxc3 axb5 18. Nxb5 Ba6 19. Be3 d5 20. f4 g4 21. Nd4 1-0

[Event "4NCL 3 South pool B"]
[Site "Maidenhead, ENG"]
[Date "2019.11.10"]
[Round "2.84"]
[White "De Coverly, Roger D"]
[Black "Voyiakis, Emmanuel"]
[Result "1/2-1/2"]
[WhiteElo "1958"]
[BlackElo "2073"]
[PlyCount "127"]
[EventDate "2019.11.10"]
[WhiteTeam "Wessex B"]
[BlackTeam "Fermented Sharks"]

1. e4 c5 2. c3 Nf6 3. e5 Nd5 4. d4 cxd4 5. cxd4 d6 6. Nf3 Nc6 7. exd6 Qxd6 8.
Be2 g6 9. O-O Bg7 10. Na3 O-O 11. Nc4 Qc7 12. Ne3 Be6 13. Nxd5 Bxd5 14. Be3
Rad8 15. Rc1 Qa5 16. a3 e5 17. Bg5 Rd7 18. Rc5 Qb6 19. Qc1 Bxf3 20. Bxf3 Nxd4
21. Bd1 Ne6 22. Rc2 f5 23. Be3 Nd4 24. Rc8 Rdd8 25. Rc7 f4 26. Bxd4 Rxd4 27. b4
e4 28. Bb3+ Kh8 29. Rc8 Rdd8 30. Rxd8 Qxd8 31. Qc4 e3 32. fxe3 fxe3 33. Rxf8+
Qxf8 34. Qe2 Qf4 35. g3 Qd4 36. Bc4 Qa1+ 37. Qf1 Qxa3 38. Qf7 Qc1+ 39. Kg2 Qd2+
40. Kh3 Qd8 41. Qxb7 Qf8 42. Be2 Qf5+ 43. g4 Qf4 44. Qc8+ Bf8 45. Qc3+ Bg7 46.
Qc8+ Qf8 47. Qxf8+ Bxf8 48. b5 Kg7 49. Kg2 Kf6 50. Kf3 Bc5 51. Ke4 Kg5 52. Kf3
Kh4 53. Kg2 Bd6 54. h3 Bc5 55. Bf1 Kg5 56. Kf3 h5 57. Be2 hxg4+ 58. hxg4 Bb6
59. Bd3 Kf6 60. Kf4 g5+ 61. Ke4 Ke6 62. Be2 Kd6 63. Bd3 Ke6 64. Be2 1/2-1/2

[Event "4NCL 3 South pool B"]
[Site "Maidenhead, ENG"]
[Date "2019.11.10"]
[Round "2.85"]
[White "Millward, Kevin P"]
[Black "Weatherlake, John P"]
[Result "1-0"]
[WhiteElo "1967"]
[BlackElo "1975"]
[PlyCount "57"]
[EventDate "2019.11.10"]
[WhiteTeam "Fermented Sharks"]
[BlackTeam "Wessex B"]

1. d4 d6 2. Bf4 g6 3. e3 Bg7 4. Nf3 Nd7 5. c4 c6 6. Nc3 Qa5 7. Be2 e5 8. Bg3
Ne7 9. h3 O-O 10. O-O f5 11. Qd2 f4 12. exf4 Bh6 13. dxe5 dxe5 14. Qd6 Nf5 15.
Qe6+ Kh8 16. Nxe5 Nc5 17. Nxg6+ hxg6 18. Qxg6 Rg8 $11 19. Qh5 Bd7 20. Bg4 Nd3
21. Bxf5 Bxf5 22. Qxh6+ Bh7 23. Qf6+ Rg7 24. Rad1 Bf5 25. Nd5 Nxb2 26. Rde1
cxd5 27. Qxf5 Qc5 28. Qxd5 Qb6 29. Re6 1-0

[Event "4NCL 3 South pool B"]
[Site "Maidenhead, ENG"]
[Date "2019.11.10"]
[Round "2.86"]
[White "Pentakota, Rajasekhar"]
[Black "George, Matthew P"]
[Result "1/2-1/2"]
[WhiteElo "1863"]
[BlackElo "2009"]
[PlyCount "52"]
[EventDate "2019.11.10"]
[WhiteTeam "Wessex B"]
[BlackTeam "Fermented Sharks"]

1. d4 d5 2. Bf4 e6 3. e3 Bd6 4. Bxd6 Qxd6 5. c3 Nf6 6. Bd3 b6 7. Nd2 Bb7 8. Qe2
O-O 9. a3 c5 10. f4 cxd4 11. cxd4 Nc6 12. Ngf3 Ne7 13. O-O Rac8 14. Rac1 Qb8
15. Ne5 Rxc1 16. Rxc1 Rc8 17. Qd1 Ne4 18. g4 f6 19. Nef3 Ng6 20. Rxc8+ Qxc8 21.
Qc2 Qxc2 22. Bxc2 Nd6 23. Bd3 Kf7 24. Kf2 h6 25. Ng1 Nf8 26. h4 Nd7 1/2-1/2

[Event "4NCL 3 South pool B"]
[Site "Maidenhead, ENG"]
[Date "2020.01.11"]
[Round "3.51"]
[White "Nicholas, Koichi B"]
[Black "Mihalik, Agoston"]
[Result "1/2-1/2"]
[WhiteElo "2082"]
[BlackElo "2205"]
[PlyCount "75"]
[EventDate "2020.01.11"]
[WhiteTeam "Oxford 2"]
[BlackTeam "West is Best 2"]

1. e4 c5 2. Nf3 d6 3. d4 cxd4 4. Nxd4 Nf6 5. Nc3 a6 6. Be3 e6 7. f3 b5 8. a3
Nbd7 9. Qd2 Bb7 10. g4 Nb6 11. O-O-O Rc8 12. h4 Nfd7 13. Bg5 Qc7 14. Ndxb5 axb5
15. Nxb5 Qb8 16. Nxd6+ Qxd6 17. Qxd6 Bxd6 18. Rxd6 Bc6 19. Ba6 Rc7 20. Rhd1 O-O
21. b3 f5 22. gxf5 exf5 23. e5 Nxe5 24. Bd8 Ra7 25. Be2 Nc8 26. Re6 Re8 27. Bc4
Nxc4 28. Rxc6 Ne3 29. Rd3 Ra8 30. Bg5 Ng2 31. Rd7 h6 32. Rcc7 hxg5 33. Rxg7+
Kh8 34. Rh7+ Kg8 35. Rcg7+ Kf8 36. Rf7+ Kg8 37. Rfg7+ Kf8 38. Rf7+ 1/2-1/2

[Event "4NCL 3 South pool B"]
[Site "Maidenhead, ENG"]
[Date "2020.01.11"]
[Round "3.52"]
[White "Midhun, P U."]
[Black "Moyse, Nigel John"]
[Result "1/2-1/2"]
[WhiteElo "2135"]
[BlackElo "2038"]
[PlyCount "76"]
[EventDate "2020.01.11"]
[WhiteTeam "West is Best 2"]
[BlackTeam "Oxford 2"]

1. Nf3 d6 2. d4 g6 3. g3 Bg7 4. Bg2 Nf6 5. O-O O-O 6. c4 Nbd7 7. d5 Nc5 8. Nc3
a5 9. Be3 b6 10. Qc1 Ng4 11. Bd4 Bh6 12. Nd2 Rb8 13. h3 Nf6 14. f4 Nh5 15. Qe1
e5 16. fxe5 dxe5 17. Bxe5 Be3+ 18. Kh2 Re8 19. Nf3 f6 20. Bd4 Ba6 21. Bxe3 Rxe3
22. Qf2 Rxc3 23. bxc3 Ne4 24. Qd4 Nexg3 25. Rf2 Qd6 26. Kg1 Re8 27. Re1 Re4 28.
Qd1 Nf4 29. Nd2 Re7 30. Nf1 Nf5 31. Qd2 Nxg2 32. Rxg2 Bxc4 33. Rg4 Qc5+ 34. Kh2
Qf2+ 35. Rg2 Qh4 36. Rg4 Qf2+ 37. Rg2 Qh4 38. Rg4 Qf2+ 1/2-1/2

[Event "4NCL 3 South pool B"]
[Site "Maidenhead, ENG"]
[Date "2020.01.11"]
[Round "3.53"]
[White "Burrows, Nick"]
[Black "Bullen, Alex"]
[Result "0-1"]
[WhiteElo "2065"]
[BlackElo "2039"]
[PlyCount "74"]
[EventDate "2020.01.11"]
[WhiteTeam "Oxford 2"]
[BlackTeam "West is Best 2"]

1. d4 d5 2. c4 e6 3. Nc3 Nf6 4. cxd5 exd5 5. Bg5 Nbd7 6. e3 c6 7. Bd3 Be7 8.
Qc2 Nh5 9. Bxe7 Qxe7 10. O-O-O g6 11. Kb1 Nb6 12. h3 Be6 13. Nf3 O-O-O 14. Na4
Nxa4 15. Qxa4 Kb8 16. Rc1 Ng7 17. Rc3 Bf5 18. Ne5 f6 19. Bxf5 Nxf5 20. Nxc6+
bxc6 21. Rb3+ Kc7 22. Rc1 Qe4+ 23. Ka1 Ne7 24. f3 Qf5 25. Qxa7+ Kd6 26. e4 dxe4
27. fxe4 Qg5 28. e5+ Ke6 29. Re1 f5 30. g4 Qd2 31. gxf5+ gxf5 32. d5+ Rxd5 33.
Rb1 Rhd8 34. Qg1 Qc2 35. Rc3 Qe4 36. Rcc1 Ra8 37. Qg7 Rxa2+ 0-1

[Event "4NCL 3 South pool B"]
[Site "Maidenhead, ENG"]
[Date "2020.01.11"]
[Round "3.54"]
[White "Freeland, Alex"]
[Black "Nataraj, Nakul"]
[Result "0-1"]
[WhiteElo "2009"]
[BlackElo "2072"]
[PlyCount "70"]
[EventDate "2020.01.11"]
[WhiteTeam "West is Best 2"]
[BlackTeam "Oxford 2"]

1. d4 Nf6 2. c4 g6 3. Nc3 Bg7 4. e4 d6 5. f3 O-O 6. Be3 c5 7. Nge2 Nc6 8. d5
Na5 9. Ng3 a6 10. Be2 Rb8 11. O-O h5 12. Qc2 e6 13. Rab1 exd5 14. cxd5 b5 15.
b4 cxb4 16. Rxb4 Bd7 17. a4 Rc8 18. Bd4 h4 19. Nh1 Nh5 20. Bxg7 Kxg7 21. Qb2
Qf6 22. Nd1 Nf4 23. Nhf2 Qxb2 24. Rxb2 Nxe2+ 25. Rxe2 bxa4 26. Nd3 Bb5 27. N1f2
Rc3 28. Rd1 a3 29. f4 Bc4 30. Ree1 a2 31. Nb4 Rb8 32. Nc6 Nxc6 33. dxc6 Be6 34.
Rxd6 Rb1 35. Rdd1 a1=Q 0-1